[Event "Geller Memorial op-A 6th"]
[Site "Odessa"]
[Date "2010.08.27"]
[Round "7"]
[White "Spodyniuk, Viktor"]
[Black "Varchenko, Grigory"]
[Result "0-1"]
[WhiteElo "1952"]
[BlackElo "2138"]
[PlyCount "86"]
[EventDate "2010.08.21"]
[EventType "swiss"]
[EventRounds "9"]
[EventCountry "UKR"]
[SourceTitle "CBM 138 Extra"]
[Source "ChessBase"]
[SourceDate "2010.10.29"]
[SourceVersion "1"]
[SourceVersionDate "2010.10.29"]
[SourceQuality "1"]

1. e4 c5 2. Nf3 a6 3. c4 Nc6 4. d4 cxd4 5. Nxd4 Nf6 6. Nc3 e5 7. Nf5 d5 8. cxd5 Bxf5 9. exf5 Nd4 10. Bg5 Bb4 11. Rc1 0-0 12. Bc4 h6 13. Bxf6 Qxf6 14. 0-0 Qxf5 15. a3 Bd6 16. Ne2 Nxe2+ 17. Qxe2 e4 18. f4 Rfe8 19. g3 Qd7 20. Rc2 f5 21. Rfc1 Rec8 22. Kh1 Kh7 23. Qe3 Re8 24. Rf1 Qe7 25. Rg2 g5 26. b4 gxf4 27. gxf4 Rg8 28. Rfg1 Rxg2 29. Rxg2 Rg8 30. Bb3 Rxg2 31. Kxg2 Qh4 32. Qg3 Qxf4 33. Qxf4 Bxf4 34. h3 Kg6 35. a4 Bd6 36. b5 axb5 37. axb5 b6 38. Kf2 Kf6 39. Ke2 Ke5 40. Kf2 f4 41. Ba2 Kd4 42. Kf1 f3 43. h4 e3 0-1

[Event "Geller Memorial op-A 6th"]
[Site "Odessa"]
[Date "2010.08.22"]
[Round "2"]
[White "Rakhmangulov, Andrei"]
[Black "Spodyniuk, Viktor"]
[Result "1-0"]
[WhiteElo "2394"]
[BlackElo "1952"]
[PlyCount "77"]
[EventDate "2010.08.21"]
[EventType "swiss"]
[EventRounds "9"]
[EventCountry "UKR"]
[SourceTitle "CBM 138 Extra"]
[Source "ChessBase"]
[SourceDate "2010.10.29"]
[SourceVersion "1"]
[SourceVersionDate "2010.10.29"]
[SourceQuality "1"]

1. d4 Nf6 2. Bg5 Ne4 3. h4 c5 4. d5 Qb6 5. Nd2 Nxd2 6. Bxd2 Qxb2 7. c3 Qb6 8. e4 d6 9. Rb1 Qc7 10. h5 h6 11. Nh3 e5 12. dxe6 Bxe6 13. Nf4 Nc6 14. Nxe6 fxe6 15. Bc4 d5 16. exd5 exd5 17. Qe2+ Be7 18. Bxd5 0-0-0 19. Qe6+ Rd7 20. Be4 Nd8 21. Qg4 Kb8 22. Bf4 Bd6 23. Bxd6 Rxd6 24. 0-0 Nc6 25. Bxc6 Qxc6 26. Qxg7 Rhd8 27. Rfe1 R6d7 28. Re7 Qd6 29. Rxd7 Rxd7 30. Qg8+ Rd8 31. Qh7 Rd7 32. Qe4 Re7 33. Qf3 Rd7 34. a4 a6 35. a5 Kc8 36. Rb6 Qd2 37. Qf8+ Kc7 38. Qxc5+ Kb8 39. Rf6 1-0

[Event "Geller Memorial op-A 6th"]
[Site "Odessa"]
[Date "2010.08.21"]
[Round "1"]
[White "Spodyniuk, Viktor"]
[Black "Kutsykh, Mikle"]
[Result "0-1"]
[WhiteElo "1952"]
[BlackElo "2294"]
[PlyCount "62"]
[EventDate "2010.08.21"]
[EventType "swiss"]
[EventRounds "9"]
[EventCountry "UKR"]
[SourceTitle "CBM 138 Extra"]
[Source "ChessBase"]
[SourceDate "2010.10.29"]
[SourceVersion "1"]
[SourceVersionDate "2010.10.29"]
[SourceQuality "1"]

1. e4 c5 2. Nf3 g6 3. d4 cxd4 4. Nxd4 Bg7 5. Nc3 Nc6 6. Be3 Nf6 7. Nxc6 bxc6 8. e5 Ng8 9. Bd4 f6 10. f4 fxe5 11. fxe5 Qa5 12. Bc4 Bxe5 13. Qd2 Nf6 14. 0-0-0 Bxd4 15. Qxd4 Qg5+ 16. Kb1 d5 17. Qc5 Bd7 18. Rhe1 0-0 19. Rxe7 Rae8 20. Rxe8 Rxe8 21. Bf1 Bg4 22. Rc1 Qd2 23. a4 Re1 24. Na2 Ne4 25. Qxc6 Qf2 26. Qxd5+ Kg7 27. Bd3 Nd2+ 28. Ka1 Be6 29. Qb7+ Kh6 30. Qb4 Bxa2 31. Rxe1 Qxe1+ 0-1